Eurovision 2026 Random Lyrics - Statistics

General Stats
  • This quiz has been taken 134 times
  • The average score is 28 of 35
Answer Stats
2026 Lyric Country % Correct
"I know it won't let go, ya ya ya ya" Norway
91%
"I want it to choke me, choke me, choke me" Romania
91%
"Sólo quiero sólo quiero más" Lithuania
90%
"Regarde-moi, regarde-toi" France
89%
"So sick of munchin' roly-poly with custard" United Kingdom
89%
"Saremo io e te" Italy
88%
"I'm dancing on the table, baby" Cyprus
86%
"Pariin iltaan en sua kii saa" Finland
86%
"Boy, I'm out of your league" Germany
86%
"Sashimi tuna, férto" Greece
86%
"Iza gora, iza mora, rodila ѕe nova zora" Montenegro
86%
"Sie brauchen einen Tanzschein" Austria
85%
"One touch, one kiss" Australia
84%
"Ridnym nairidnishym" Ukraine
84%
"Só as rosas que plantei" Portugal
83%
"יש מי שישמע" Israel
81%
"Citu acīm skaisti izgleznots" Latvia
80%
"Dy javë, dy vjet, iku kjo verë" Albania
78%
"Frozen to the bone" Belgium
78%
"Familia e baza" Moldova
78%
"I'm an angel, I'm a demon, I'm a psycho for no reason" Bulgaria
77%
"Vi la'r natten stå i flammer og glemmer os selv" Denmark
77%
"From the ground to my skin" Luxembourg
77%
"Ne mogu još dugo ovako" Serbia
76%
"If I deleted all the memories of you and me" Sweden
76%
"Girl go and do it for the broken hearts" San Marino
75%
"Wrote the plot for us" Estonia
74%
"Uzmi me sebi" Croatia
73%
"Delete my number burn the phone" Armenia
72%
"I know you really, really love me, don't lie" Switzerland
72%
"In my era, no more errors, so stay outta my way" Poland
71%
"I carried your love inside my heart each day" Azerbaijan
68%
"Miskin min hu bħali" Malta
67%
"I'm amazed how well we get unwell" Czechia
57%
"Shameless, we tear it up" Georgia
54%
No matching quizzes found
Score Distribution
Percent of People with Each Score
Percentile by Number Answered
Your Score History
You have not taken this quiz